Gentilés PACA - Mort Subite #3 - Statistiques

Statistiques générales
  • Ce quiz a été pris 96 fois
  • Le résultat moyen est 7 sur 30
Answers on the Grid
Answers color-coded by a green-red scale on the quiz's grid according to % correct below.
Avignonnais
Marseillais
Gapençais
Aptésien
Aurélien
Castel-Papales
Saltésien
Aquisextains
Cassiden
Toulonnais
Clavésiens
Dracénois
Fréjusien
Varois
Vauclusien
Briançonnards
Mentonasques
Tendasques
Allemagniens
Guillestrins
Dignois
Ceillaquine
Embrunais
Saint-Pierre-Avéziens
Volonnais
Briançonnais
Manosquin
Barcelonnettes
Beaujolais
Istréen
Saixies
Uchalois
Bouquins
Drapais
Cairotes
Forcalquierois
Dévoluant
Onglets
Carambars
Arleins
Déstressés
Hyéroglyphes
Cogolen
Brantards
Dauphines
Noyerais
Opioïdiens
Brasseurs
 
Statistiques - réponses
Réponse % Correct
Marseillais
63%
Avignonnais
56%
Istréen
53%
Toulonnais
53%
Varois
53%
Fréjusien
51%
Vauclusien
40%
Briançonnais
37%
Dignois
30%
Gapençais
30%
Manosquin
30%
Embrunais
19%
Mentonasques
19%
Briançonnards
16%
Cassiden
16%
Aptésien
14%
Guillestrins
12%
Barcelonnettes
9%
Beaujolais
9%
Castel-Papales
9%
Dracénois
9%
Aquisextains
7%
Aurélien
7%
Saint-Pierre-Avéziens
7%
Ceillaquine
5%
Volonnais
5%
Allemagniens
2%
Clavésiens
2%
Saltésien
2%
Tendasques
0%
Aucun quiz correspondant
Distribution des résultats
% des personnes avec chaque résultat
Percentile par nombre de réponses
Votre historique - résultats
Vous n’avez pas pris ce quiz